[Event "Rio de Janeiro Duchamp U1800 op"]
[Site "Rio de Janeiro"]
[Date "2017.11.16"]
[Round "3.5"]
[White "Da Silva, Joao Carlos Orguim"]
[Black "Teixeira, Guilherme Vargas"]
[Result "1/2-1/2"]
[WhiteElo "1785"]
[BlackElo "1676"]
[PlyCount "72"]
[EventDate "2017.11.11"]
[EventType "swiss"]
[EventRounds "5"]
[EventCountry "BRA"]
[SourceTitle "EXT 2022"]
[Source "ChessBase"]
[SourceDate "2021.10.06"]
[SourceVersion "1"]
[SourceVersionDate "2021.10.06"]
[SourceQuality "1"]

1. e4 c5 2. c4 g6 3. Nc3 Bg7 4. b3 d6 5. Bb2 Nc6 6. Nge2 e5 7. Nd5 Nge7 8. Nec3 Nxd5 9. Nxd5 0-0 10. d3 f5 11. Qd2 f4 12. f3 g5 13. 0-0-0 Kh8 14. Be2 Bd7 15. Kc2 Ne7 16. Nxe7 Qxe7 17. a4 Bf6 18. h3 Qe8 19. Ra1 a5 20. Bc3 b6 21. Qc1 Rf7 22. Qb2 Qe7 23. Rh2 Rg8 24. Rah1 Rg6 25. Be1 Rh6 26. Bf2 Rg7 27. Qa1 Qd8 28. Qe1 Qe7 29. Bf1 Qd8 30. Be2 Qe7 31. Qd2 Qd8 32. Kd1 Qe7 33. Ke1 Qd8 34. Kf1 Qe7 35. Qe1 Qd8 36. Qd1 Qe7 1/2-1/2

[Event "Rio de Janeiro Duchamp op"]
[Site "Rio de Janeiro"]
[Date "2017.11.15"]
[Round "6"]
[White "Baeta, Marcio Netto"]
[Black "Teixeira, Guilherme Vargas"]
[Result "1/2-1/2"]
[WhiteElo "1998"]
[BlackElo "1676"]
[PlyCount "104"]
[EventDate "2017.11.11"]
[EventType "swiss"]
[EventRounds "9"]
[EventCountry "BRA"]
[SourceTitle "CBM 181 Extra"]
[Source "ChessBase"]
[SourceDate "2017.12.12"]
[SourceVersion "1"]
[SourceVersionDate "2017.12.12"]
[SourceQuality "1"]

1. e4 c6 2. Nf3 g6 3. d4 Bg7 4. Bd3 d5 5. e5 Bg4 6. h3 Bxf3 7. Qxf3 e6 8. h4 Nd7 9. h5 Qe7 10. c3 0-0-0 11. Bf4 Kb8 12. Qe3 Rc8 13. Nd2 c5 14. h6 Bf8 15. Nf3 cxd4 16. cxd4 Qb4+ 17. Qd2 Qxd2+ 18. Bxd2 Be7 19. 0-0 Bf8 20. a4 Nxh6 21. Ng5 Be7 22. Nxe6 fxe6 23. Bxh6 a6 24. Bd2 Nb6 25. b3 Rc6 26. a5 Na8 27. b4 Nc7 28. b5 Nxb5 29. Bxb5 axb5 30. Rfb1 b4 31. Bxb4 Bxb4 32. Rxb4 Rhc8 33. a6 b6 34. a7+ Kb7 35. Rba4 Rc1+ 36. Rxc1 Rxc1+ 37. Kh2 Rc8 38. g4 Ra8 39. f4 b5 40. Ra1 b4 41. Rb1 Rxa7 42. Rxb4+ Kc6 43. Kg3 h6 44. f5 Ra3+ 45. Kg2 gxf5 46. gxf5 exf5 47. Rb2 Ra4 48. Re2 Kd7 49. Rd2 Ra3 50. Rb2 Ra4 51. Rd2 Ra3 52. Rb2 Ra4 1/2-1/2

[Event "Porto Alegre IRT U2200 1st"]
[Site "Porto Alegre"]
[Date "2016.04.10"]
[Round "4.4"]
[White "Juliano, Joao Carlos Mazzini"]
[Black "Teixeira, Guilherme Vargas"]
[Result "1-0"]
[WhiteElo "1976"]
[BlackElo "1688"]
[PlyCount "73"]
[EventDate "2016.04.09"]
[EventType "swiss"]
[EventRounds "5"]
[EventCountry "BRA"]
[SourceTitle "EXT 2022"]
[Source "ChessBase"]
[SourceDate "2021.10.06"]
[SourceVersion "1"]
[SourceVersionDate "2021.10.06"]
[SourceQuality "1"]

1. d4 Nf6 2. Nf3 d5 3. Bf4 e6 4. e3 Be7 5. Nbd2 0-0 6. Bd3 c5 7. c3 Nc6 8. 0-0 cxd4 9. exd4 Bd7 10. Re1 a6 11. Qe2 b5 12. a4 Na7 13. Ne5 Qb6 14. a5 Qb7 15. b4 Rac8 16. Rac1 Nc6 17. Nxc6 Bxc6 18. Nb3 Rfe8 19. Bb1 Ne4 20. Qd3 g6 21. f3 Nd6 22. Nc5 Qa8 23. Qe2 Bf8 24. Bd3 Nc4 25. Bxc4 dxc4 26. Qe3 Qa7 27. Ne4 Bxe4 28. fxe4 Rcd8 29. Bg5 Rd7 30. e5 Qb7 31. Rf1 Bg7 32. Rf3 Rf8 33. Bf6 Qd5 34. Rcf1 Re8 35. g4 Bxf6 36. exf6 g5 37. Rf5 1-0

[Event "Florianopolis Taca op"]
[Site "Florianopolis"]
[Date "2015.10.12"]
[Round "6"]
[White "Teixeira, Guilherme Vargas"]
[Black "Pasqualotto, Amos Petronio"]
[Result "1-0"]
[WhiteElo "1695"]
[BlackElo "1384"]
[PlyCount "65"]
[EventDate "2015.10.09"]
[EventType "swiss"]
[EventRounds "6"]
[EventCountry "BRA"]
[SourceTitle "CBM 168 Extra"]
[Source "ChessBase"]
[SourceDate "2015.10.29"]
[SourceVersion "1"]
[SourceVersionDate "2015.10.29"]
[SourceQuality "1"]

1. e4 Nc6 2. Nf3 d6 3. Nc3 Nf6 4. d4 g6 5. h3 Bg7 6. d5 Nb8 7. Be3 Bd7 8. Qd2 c6 9. Be2 0-0 10. Bh6 Qb6 11. Bxg7 Kxg7 12. 0-0 Na6 13. a3 Rab8 14. Rab1 Nc5 15. Bd3 Qc7 16. Rfe1 Qc8 17. Bf1 Re8 18. Qd4 Kg8 19. Rbd1 cxd5 20. exd5 Qd8 21. Rd2 Bf5 22. Bb5 Bd7 23. Bf1 Bf5 24. Bb5 Bd7 25. Bf1 Bf5 26. Rde2 b6 27. Qh4 e5 28. dxe6 Nxe6 29. g4 g5 30. Nxg5 Nxg4 31. hxg4 Qxg5 32. Qxg5+ Nxg5 33. Rxe8+ 1-0

[Event "Nova Petropolis Gaucho op"]
[Site "Nova Petropolis"]
[Date "2015.03.15"]
[Round "7"]
[White "Teixeira, Guilherme Vargas"]
[Black "Da Silva Neto, Armando Jr"]
[Result "1-0"]
[WhiteElo "1715"]
[BlackElo "1800"]
[PlyCount "96"]
[EventDate "2015.03.13"]
[EventType "swiss"]
[EventRounds "7"]
[EventCountry "BRA"]
[SourceTitle "CBM 165 Extra"]
[Source "ChessBase"]
[SourceDate "2015.04.21"]
[SourceVersion "1"]
[SourceVersionDate "2015.04.21"]
[SourceQuality "1"]

1. e4 c5 2. Nf3 g6 3. g3 Nc6 4. Bg2 Bg7 5. 0-0 d6 6. c3 Nf6 7. Re1 0-0 8. Na3 Rb8 9. Qe2 a6 10. d3 Re8 11. Nc2 b5 12. Bd2 a5 13. Ne3 b4 14. Rab1 Ba6 15. c4 Qd7 16. h3 Bb7 17. Nh2 Qc8 18. f4 Nd7 19. Nf3 Nd4 20. Nxd4 Bxd4 21. Kh2 Nf8 22. Rf1 Nd7 23. Bf3 Kg7 24. Bg4 h5 25. Bf3 e6 26. Qg2 f5 27. Rbe1 Qc7 28. h4 Nf6 29. Nc2 Ng4+ 30. Bxg4 fxg4 31. Nxd4 cxd4 32. Re2 Qd7 33. Qf2 e5 34. b3 Rf8 35. Qe1 Bc6 36. Rff2 Rf7 37. Qc1 Qb7 38. f5 Bxe4 39. f6+ Rxf6 40. Rxf6 Kxf6 41. Bg5+ Ke6 42. dxe4 Qxe4 43. Qf1 Qf5 44. Qxf5+ gxf5 45. Kg2 e4 46. Kf2 Rc8 47. Rd2 d3 48. Ke3 d5 1-0

[Event "Nova Petropolis Gaucho op"]
[Site "Nova Petropolis"]
[Date "2015.03.13"]
[Round "1"]
[White "Teixeira, Guilherme Vargas"]
[Black "Oliveira, Paulo Sergio De Cas"]
[Result "0-1"]
[WhiteElo "1715"]
[BlackElo "2182"]
[PlyCount "80"]
[EventDate "2015.03.13"]
[EventType "swiss"]
[EventRounds "7"]
[EventCountry "BRA"]
[SourceTitle "CBM 165 Extra"]
[Source "ChessBase"]
[SourceDate "2015.04.21"]
[SourceVersion "1"]
[SourceVersionDate "2015.04.21"]
[SourceQuality "1"]

1. e4 b6 2. d4 Bb7 3. Nc3 e6 4. a3 Nf6 5. Bd3 c5 6. dxc5 bxc5 7. Qe2 Nc6 8. Nf3 Be7 9. 0-0 d5 10. e5 Nd7 11. Bb5 a6 12. Bxc6 Bxc6 13. Re1 0-0 14. Bf4 Re8 15. Rab1 f5 16. exf6 Bxf6 17. Ne5 Nxe5 18. Bxe5 d4 19. Bxf6 gxf6 20. Ne4 f5 21. Ng3 Qd5 22. f3 Kf7 23. Qe5 Rad8 24. Nh5 Qxe5 25. Rxe5 Rd5 26. Rbe1 c4 27. Nf4 Rd6 28. Ra5 e5 29. Raxe5 Rxe5 30. Rxe5 d3 31. cxd3 cxd3 32. Rxf5+ Kg7 33. Nxd3 Rxd3 34. Ra5 Bb7 35. b4 Rd2 36. a4 Rb2 37. b5 axb5 38. axb5 Bd5 39. Ra4 Rxb5 40. Rd4 h5 0-1

[Event "Porto Alegre Oncolinos op"]
[Site "Porto Alegre"]
[Date "2013.11.16"]
[Round "5"]
[White "Teixeira, Guilherme Vargas"]
[Black "Mentges, Antonio Esidio"]
[Result "1-0"]
[WhiteElo "1631"]
[BlackElo "1791"]
[PlyCount "69"]
[EventDate "2013.11.14"]
[EventType "swiss"]
[EventRounds "7"]
[EventCountry "BRA"]
[SourceTitle "EXT 2015"]
[Source "ChessBase"]
[SourceDate "2014.11.20"]
[SourceVersion "1"]
[SourceVersionDate "2014.11.20"]
[SourceQuality "1"]

1. d4 Nf6 2. c4 g6 3. Nc3 Bg7 4. e4 d6 5. f3 0-0 6. Be3 Nbd7 7. Qd2 c6 8. g4 e5 9. 0-0-0 exd4 10. Bxd4 c5 11. Be3 Ne8 12. h4 Ne5 13. h5 Be6 14. Nd5 Bxd5 15. cxd5 Qc7 16. Bh6 f6 17. hxg6 Nxg6 18. Be3 Ne5 19. Rh3 a6 20. Ne2 b5 21. Nf4 Rf7 22. Ne6 Qb7 23. Be2 Rb8 24. Rdh1 Nc4 25. Bxc4 bxc4 26. Rxh7 Qb4 27. Nxg7 Rxg7 28. Rh8+ Kf7 29. Qc3 Qb3 30. Bd2 Qa4 31. Kb1 Rb7 32. Bh6 Rg8 33. Rh7+ Ng7 34. g5 Ke8 35. gxf6 1-0